00496nam a2200193 a 4500001001300000003000900013005001700022008004100039020000900080082002000089100002300109245004500132260002500177300000900202500003500211505001700246650001600263700002300279nice12345678IN_TiNIC20260116012313.0050524s1985 dela grp 000 0 eng  ac3000a305.40954bCHA2 aChatterji, Jyotsna aWomen`s Decade 1975-1985b an Assessment aDelhi bISPCK c1985 a112p aincludes index and biblioraphy2 aBibliography aWomen-India1 aChatterji, Jyotsna